Дистанционное и виртуальное обучение: дайджест российской и зарубежной прессы; журнал

Bibliografiske detaljer
Sprog:russisk
Udgivet: Москва, 2012-2017
Fag:
Online adgang:https://edit.muh.ru/mags_dist/
https://elibrary.ru/title_about.asp?id=8657
Format: MixedMaterials Electronisk Serial
KOHA link:https://koha.lib.tpu.ru/cgi-bin/koha/opac-detail.pl?biblionumber=380318

MARC

LEADER 00000nas1a2200000 4500
001 380318
005 20231101062647.0
011 |a 1561-2457 
035 |a (RuTPU)RU\TPU\prd\1144 
035 |a BOOK00001144 
090 |a 380318 
100 |a 20011210a20019999k y0rusy50 ca 
101 0 |a rus 
102 |a RU 
110 |a afaz|||0uu0 
200 1 |a Дистанционное и виртуальное обучение  |e дайджест российской и зарубежной прессы  |e журнал 
210 |a Москва  |d 2012-2017 
326 |a 12 номеров в год 
326 |a С 2017 г. 6 номеров в год 
469 |0 (RuTPU)RU\TPU\subscr\442 
610 1 |a высшее образование 
610 1 |a вузы 
610 1 |a дистанционное обучение 
610 1 |a преподавание 
610 1 |a виртуальное обучение 
801 0 |a RU  |b 63413507  |c 20011210  |g PSBO 
801 2 |a RU  |b 63413507  |c 20210419  |g PSBO 
856 4 |u https://edit.muh.ru/mags_dist/ 
856 4 |u https://elibrary.ru/title_about.asp?id=8657 
942 |c CR 
969 |0 001RU\TPU\subscr\442